| 000 | 01038cam a22003137a 4500 | ||
|---|---|---|---|
| 003 | CHAP | ||
| 005 | 20220329142634.0 | ||
| 008 | 020725d2000 es ad r 00110 spa d | ||
| 010 | _a85973 | ||
| 011 | _a86945 | ||
| 020 | _a8489922284 | ||
| 035 | _a97485 | ||
| 040 | _cCHAP | ||
| 082 | 0 | 4 |
_a663.2 _bM65 |
| 100 | 0 | 0 |
_aMolina Úbeda, Rafael. _977380 |
| 245 | 1 | 0 |
_aTeoría de la clarificación de mostos y vinos y sus aplicaciones prácticas _c/por Rafael Molina Úbeda |
| 260 |
_aMadrid : _bA. Madrid Vicente, _c2000 |
||
| 300 |
_a317 p. : _bilus. ; gráfs. ; cuadros ; tablas |
||
| 590 |
_aBATCH-UPD _b10 _c20130110 _lUCH01 _h1332 |
||
| 590 |
_aBATCH-UPD _b10 _c20130410 _lUCH01 _h0837 |
||
| 590 |
_aBATCH-UPD _b10 _c20130914 _lUCH01 _h1418 |
||
| 590 |
_aCONVERSION _b10 _c20130109 _lUCH01 _h1348 |
||
| 650 | 1 | 4 |
_aFiltración. _940920 |
| 650 | 1 | 4 |
_aVinos _xElaboración. _9119881 |
| 901 | _aBK | ||
| 905 | _aMarco A. Mendoza T. | ||
| 942 | _cLIBRO | ||
| 949 |
_a663.2 M65 _bBC _cLIBRO _d33724000851051 _eLIBRO _gI.c/e _h102686 _i97485 _si _t$333.00 |
||
| 999 |
_c85973 _d85973 |
||